Desarrollo rural : perspectivas múltiples para su análisis = Rural development : multiple perspectives for its analysis /

Bibliographic Details
Other Authors: Bula, Jorge, 1957- (Editor), Ulloa Ramos, Cristian Samir (Editor)
Format: Electronic eBook
Language:Spanish
Published: Bogotá, Colombia : Editorial Uniagustiniana, 2018.
Series:Colección Ciencias sociales (Editorial Uniagustiniana). Libros de investigación.
Subjects:
Online Access:Digitalia Hispánica

MARC

LEADER 00000nam a2200000Ii 4500
001 DIGUAGANA0036
003 NyNyDIG
006 m o d
007 cr |||||||||||
008 250115s2018 ck a ob 000 0 spa d
035 |a (OCoLC)1281653149 
040 |a DGITA  |b eng  |e rda  |e pn  |c DGITA 
020 |a 9789585498129  |q (digital) 
020 |z 9789585498112  |q (impreso) 
041 0 |a spa  |b spa  |b eng 
043 |a cl----- 
050 1 4 |a HD1787 ebook 
245 0 0 |a Desarrollo rural :  |b perspectivas múltiples para su análisis = Rural development : multiple perspectives for its analysis /  |c Jorge Iván Bula Escobar, Cristian Samir Ulloa Ramos (editores). 
246 1 |i English title on cover:  |a Rural development :  |b multiple perspectives for its analysis  
264 1 |a Bogotá, Colombia :  |b Editorial Uniagustiniana,  |c 2018. 
300 |a 1 online resource :  |b illustrations. 
336 |a text  |b txt  |2 rdacontent 
337 |a computer  |b c  |2 rdamedia 
338 |a online resource  |b cr  |2 rdacarrier 
347 |a text file  |2 rdaft 
347 |b PDF 
490 1 |a Colección Ciencias sociales. Libros de investigación 
504 |a Includes bibliographical references. 
546 |a Text in Spanish with abstract in Spanish and English. 
588 0 |a Online resource; title from PDF title page (Digitalia, viewed January 15, 2025) 
650 0 |a Rural development  |z Latin America. 
650 0 |a Land tenure  |z Latin America. 
650 0 |a Agricultural development  |z Latin America. 
700 1 |a Bula, Jorge,  |d 1957-  |e editor.  
700 1 |a Ulloa Ramos, Cristian Samir,  |e editor.  
776 0 8 |i Print version:  |t Desarrollo rural.  |d Bogotá, Colombia : Editorial Uniagustiniana, 2018  |z 9789585498112 
791 2 |a Digitalia (Firm),  |e distributor. 
793 0 |g Digitalia eBook Collection:  |a Editorial Uniagustiniana 
830 0 |a Colección Ciencias sociales (Editorial Uniagustiniana).  |p Libros de investigación. 
856 4 0 |3 Digitalia Hispánica  |u https://www.digitaliapublishing.com/a/170030/ 
910 |a Premium collection: 2025